La actuación del contador en la constitución de sociedades. La elección tel tipo societario. Previsión de claúsulas arbitrales y la valuación de los aportes en especie (Registro nro. 11416)

Detalles MARC
000 -LEADER
fixed length control field 00440 a2200109 4500
001 - CONTROL NUMBER
control field ART_6397
005 - DATE AND TIME OF LATEST TRANSACTION
control field 20260410161619.0
008 - FIXED-LENGTH DATA ELEMENTS--GENERAL INFORMATION
fixed length control field 260409a
100 1# - MAIN ENTRY--PERSONAL NAME
Personal name Rodríguez, Raquel E.
245 10 - TITLE STATEMENT
Title La actuación del contador en la constitución de sociedades. La elección tel tipo societario. Previsión de claúsulas arbitrales y la valuación de los aportes en especie
773 0# - HOST ITEM ENTRY
Title Enfoques
Related parts - Nº 4 (abr. 2009)
Record control number REV416

No hay ítems disponibles.